<?xml version="1.0" encoding="UTF-8"?><?xml-stylesheet type="text/xsl" href="static/style.xsl"?><OAI-PMH xmlns="http://www.openarchives.org/OAI/2.0/" xmlns:xsi="http://www.w3.org/2001/XMLSchema-instance" xsi:schemaLocation="http://www.openarchives.org/OAI/2.0/ http://www.openarchives.org/OAI/2.0/OAI-PMH.xsd"><responseDate>2026-04-27T21:40:33Z</responseDate><request verb="GetRecord" identifier="oai:uvadoc.uva.es:10324/62350" metadataPrefix="marc">https://uvadoc.uva.es/oai/request</request><GetRecord><record><header><identifier>oai:uvadoc.uva.es:10324/62350</identifier><datestamp>2025-02-21T12:47:04Z</datestamp><setSpec>com_10324_1191</setSpec><setSpec>com_10324_931</setSpec><setSpec>com_10324_894</setSpec><setSpec>col_10324_1381</setSpec></header><metadata><record xmlns="http://www.loc.gov/MARC21/slim" xmlns:doc="http://www.lyncode.com/xoai" xmlns:xsi="http://www.w3.org/2001/XMLSchema-instance" xmlns:dcterms="http://purl.org/dc/terms/" xsi:schemaLocation="http://www.loc.gov/MARC21/slim http://www.loc.gov/standards/marcxml/schema/MARC21slim.xsd">
<leader>00925njm 22002777a 4500</leader>
<datafield tag="042" ind1=" " ind2=" ">
<subfield code="a">dc</subfield>
</datafield>
<datafield tag="720" ind1=" " ind2=" ">
<subfield code="a">Hosseini, Soheil</subfield>
<subfield code="e">author</subfield>
</datafield>
<datafield tag="720" ind1=" " ind2=" ">
<subfield code="a">Durán Barroso, Ramón José</subfield>
<subfield code="e">author</subfield>
</datafield>
<datafield tag="720" ind1=" " ind2=" ">
<subfield code="a">Miguel Jiménez, Ignacio de</subfield>
<subfield code="e">author</subfield>
</datafield>
<datafield tag="720" ind1=" " ind2=" ">
<subfield code="a">González de Dios, Óscar</subfield>
<subfield code="e">author</subfield>
</datafield>
<datafield tag="720" ind1=" " ind2=" ">
<subfield code="a">Merayo Álvarez, Noemí</subfield>
<subfield code="e">author</subfield>
</datafield>
<datafield tag="720" ind1=" " ind2=" ">
<subfield code="a">Aguado Manzano, Juan Carlos</subfield>
<subfield code="e">author</subfield>
</datafield>
<datafield tag="720" ind1=" " ind2=" ">
<subfield code="a">Echeverry, Edward</subfield>
<subfield code="e">author</subfield>
</datafield>
<datafield tag="720" ind1=" " ind2=" ">
<subfield code="a">Fernández Reguero, Patricia</subfield>
<subfield code="e">author</subfield>
</datafield>
<datafield tag="720" ind1=" " ind2=" ">
<subfield code="a">Lorenzo Toledo, Rubén Mateo</subfield>
<subfield code="e">author</subfield>
</datafield>
<datafield tag="720" ind1=" " ind2=" ">
<subfield code="a">Abril Domingo, Evaristo José</subfield>
<subfield code="e">author</subfield>
</datafield>
<datafield tag="260" ind1=" " ind2=" ">
<subfield code="c">2022</subfield>
</datafield>
<datafield tag="520" ind1=" " ind2=" ">
<subfield code="a">Multi-band elastic optical network (MB-EON) is a promising technology to extend the bandwidth of the current elastic optical networks in the middle term. The migration from current networks to MB-EONs should be made carefully taking into account both the required cost and the bandwidth requirements. This paper focuses on the necessity of looking for a trade-off between the links to be upgraded during the migration from the standard C-band to the L-band and the acceptable level of capacity increase. Therefore, it makes two contributions to efficiently upgrade current elastic optical networks: firstly, a planning method to decide which fibers should be upgraded to exploit C+L band; and second, one heuristic for solving the routing, band, modulation level, and spectrum assignment (RBMLSA) problem during network operation. Simulation results demonstrate that, thanks to use of these proposals, the upgrade of a set of the fibers could be viewed as a fully convincing middle term solution by the network operators to get around the huge cost of the whole network migration to C+L line system.</subfield>
</datafield>
<datafield tag="024" ind2=" " ind1="8">
<subfield code="a">2022 32nd International Telecommunication Networks and Applications Conference (ITNAC), Wellington, New Zealand, 2022, pp. 204-206</subfield>
</datafield>
<datafield tag="024" ind2=" " ind1="8">
<subfield code="a">https://uvadoc.uva.es/handle/10324/62350</subfield>
</datafield>
<datafield tag="024" ind2=" " ind1="8">
<subfield code="a">10.1109/ITNAC55475.2022.9998374</subfield>
</datafield>
<datafield tag="245" ind1="0" ind2="0">
<subfield code="a">Migration strategy from C-band elastic optical network to C+ L multiband optical network</subfield>
</datafield>
</record></metadata></record></GetRecord></OAI-PMH>